El presupuesto colombiano : (Registro nro. 4478)
[ vista simple ]
| 000 -LEADER | |
|---|---|
| fixed length control field | 01080nam a2200241Ia 4500 |
| 003 - CONTROL NUMBER IDENTIFIER | |
| control field | OSt |
| 005 - DATE AND TIME OF LATEST TRANSACTION | |
| control field | 20200827100045.0 |
| 008 - FIXED-LENGTH DATA ELEMENTS--GENERAL INFORMATION | |
| fixed length control field | 191128s1937 ck fr 000 0 spa d |
| 040 ## - CATALOGING SOURCE | |
| Language of cataloging | CO-JMCR |
| Modifying agency | CO-JMCR |
| 041 0# - LANGUAGE CODE | |
| Language code of text/sound track or separate title | spa |
| 082 04 - DEWEY DECIMAL CLASSIFICATION NUMBER | |
| Classification number | 350.722 / |
| Item number | C789p |
| Edition number | 23 |
| 100 1# - MAIN ENTRY--PERSONAL NAME | |
| Personal name | Cruz Santos, Abel, |
| Relator term | autor |
| 9 (RLIN) | 9330 |
| 245 13 - TITLE STATEMENT | |
| Title | El presupuesto colombiano : |
| Remainder of title | su formación y ejecución / |
| Statement of responsibility, etc. | por Abel Cruz Santos ; prólogo del doctor Esteban Jaramillo |
| 260 ## - PUBLICATION, DISTRIBUTION, ETC. | |
| Place of publication, distribution, etc. | Bogotá : |
| Name of publisher, distributor, etc. | Editorial Minerva, |
| Date of publication, distribution, etc. | 1937 |
| 300 ## - PHYSICAL DESCRIPTION | |
| Extent | 288 páginas ; |
| Dimensions | 18 cm. |
| 505 0# - FORMATTED CONTENTS NOTE | |
| Formatted contents note | Nociones generales -- La administración pública -- Legislación fiscal -- Preparación del presupuesto -- Discusión del presupuesto -- La liquidación del presupuesto -- Organización y recaudo de las rentas -- Bienes nacionales -- Servicios nacionales |
| 650 14 - SUBJECT ADDED ENTRY--TOPICAL TERM | |
| Topical term or geographic name entry element | Presupuesto nacional |
| Geographic subdivision | Colombia |
| 9 (RLIN) | 9331 |
| 650 14 - SUBJECT ADDED ENTRY--TOPICAL TERM | |
| Topical term or geographic name entry element | Presupuesto |
| Geographic subdivision | Colombia |
| 9 (RLIN) | 9328 |
| 650 14 - SUBJECT ADDED ENTRY--TOPICAL TERM | |
| Topical term or geographic name entry element | Administración pública |
| Geographic subdivision | Colombia |
| 9 (RLIN) | 9177 |
| 650 14 - SUBJECT ADDED ENTRY--TOPICAL TERM | |
| Topical term or geographic name entry element | Hacienda pública |
| Geographic subdivision | Colombia |
| 9 (RLIN) | 6814 |
| 700 1# - ADDED ENTRY--PERSONAL NAME | |
| Personal name | Jaramillo, Esteban, |
| Relator term | prologuista |
| 9 (RLIN) | 9332 |
| 942 ## - ADDED ENTRY ELEMENTS (KOHA) | |
| Source of classification or shelving scheme | Dewey Decimal Classification |
| Koha item type | Books |
| Withdrawn status | Lost status | Source of classification or shelving scheme | Damaged status | Not for loan | Collection code | Home library | Current library | Date acquired | Source of acquisition | Full call number | Barcode | Date last seen | Copy number | Koha item type |
|---|---|---|---|---|---|---|---|---|---|---|---|---|---|---|
| Dewey Decimal Classification | Non-fiction | Biblioteca Pública José María del Castillo y Rada | Biblioteca Pública José María del Castillo y Rada | 04/15/2018 | Donación | 350.722 / C789p | 201809349 | 05/16/2024 | Ej.1 | Books |